Loading...
| Social Science | 1 | 4 | 0 | 3 | 55 | 64 | 106.40 | 1 | 3 | 3.24 | 16.29 |
| History - European | 1 | 2 | 0 | 1 | 35 | 48 | 106.00 | 1 | 1 | 4.53 | 9.16 |
| History - World | 0 | 3 | 0 | 1 | 30 | 87 | 110.00 | 0 | 0 | 3.67 | 7.47 |
| Modern World | 2 | 0 | 0 | 0 | 30 | 66 | 76.00 | 0 | 1 | 17.16 | 30.73 |
| Beliefs | 0 | 2 | 0 | 1 | 20 | 129 | 133.00 | 0 | 0 | 0.28 | 1.73 |
| History - American | 0 | 2 | 0 | 1 | 20 | 73 | 100.50 | 0 | 1 | 3.34 | 7.14 |
| Science - Other | 0 | 2 | 0 | 0 | 20 | 86 | 103.50 | 0 | 0 | 2.50 | 5.74 |
| Geography | 1 | 0 | 0 | 0 | 15 | 41 | 41.00 | 1 | 1 | 23.13 | 33.33 |
| Fine Arts - Other Arts | 1 | 0 | 0 | 0 | 15 | 65 | 65.00 | 0 | 1 | 3.65 | 3.90 |
| Literature - European | 0 | 1 | 0 | 1 | 10 | 138 | 138.00 | 0 | 0 | 0.05 | 2.60 |
| History - Other | 0 | 1 | 0 | 0 | 10 | 105 | 105.00 | 0 | 0 | 4.67 | 15.00 |
| History - Ancient | 0 | 0 | 0 | 0 | 0 | 0.00 | 0 | 0 | 0.00 | 0.00 |